Países mais biodiversos do mundo - Statistics

Estatísticas Gerais
  • Esse quiz foi jogado 129 vezes
  • A pontuação média é 8 de 10
Estatísticas das Respostas
Rank Resposta % Correto
1 Brasil
99%
4 China
86%
7 Australia
84%
2 Colombia
84%
3 Indonesia
79%
8 Índia
77%
6 Peru
77%
5 Mexico
76%
10 Venezuela
73%
9 Equador
66%
Nenhum quiz correspondente encontrado
Distribuição das Pontuações
Porcentagem de Pessoas com Cada Pontuação
Percentil de Números Respondidos
Sua Pontuação Histórica
Você não jogou esse quiz